<?xml version="1.0" encoding="UTF-8"?>
<collection xmlns="http://www.loc.gov/MARC21/slim">
    <record>
        <controlfield tag="001">38565</controlfield>
        <controlfield tag="005">20170831220925.0</controlfield>
        <datafield tag="037" ind1=" " ind2=" ">
            <subfield code="a">GDOC-2013-1359</subfield>
        </datafield>
        <datafield tag="041" ind1=" " ind2=" ">
            <subfield code="a">spa</subfield>
        </datafield>
        <datafield tag="245" ind1="0" ind2="0">
            <subfield code="9">28037</subfield>
            <subfield code="a">Variedades del español actual</subfield>
        </datafield>
        <datafield tag="260" ind1=" " ind2=" ">
            <subfield code="a">Zaragoza</subfield>
            <subfield code="b">Universidad de Zaragoza</subfield>
            <subfield code="c">2013-2014</subfield>
        </datafield>
        <datafield tag="520" ind1=" " ind2=" ">
            <subfield code="a">El objetivo de esta asignatura es que los alumnos adquieran, por una parte, unconocimiento teórico aceptable acerca de la variación diatópica, diastrática y diafásica en que se desenvuelve el uso real de los sistemas lingüísticos y, asimismo, que conozcan las técnicas y la metodología aplicadas al estudio de la variación lingüística. Por otra parte, la asignatura atiende, de modo más específico, a la variación diatópica de la lengua española en el conjunto de territorios donde se habla como lengua materna.Esta asignatura está muy relacionada con otras materias de la titulación, concretamente "Sociolingüística del español", "Español en América", "Filología aragonesa" e "Historia de la lengua española". Contenidos básicos: 1) Las lenguas como sistemas dinámicos de signos. Elconcepto de "variación lingüística": geolecto, sociolecto y estilo de lengua. 2. Metodología y técnicas para el estudio de la variación lingüística. 3. Sobre el concepto de geolecto. 4. Clasificación de las variedades geográficas de la lengua española. 5. Análisis de los rasgos más relevantes de distintas variedades geográficas de la lengua española.</subfield>
        </datafield>
        <datafield tag="521" ind1=" " ind2=" ">
            <subfield code="9">121</subfield>
            <subfield code="a">Graduado en Filología Hispánica</subfield>
        </datafield>
        <datafield tag="540" ind1=" " ind2=" ">
            <subfield code="a">by-nc-sa</subfield>
            <subfield code="b">Creative Commons</subfield>
            <subfield code="c">3.0</subfield>
            <subfield code="u">http://creativecommons.org/licenses/by-nc-sa/3.0/</subfield>
        </datafield>
        <datafield tag="700" ind1=" " ind2=" ">
            <subfield code="0">(orcid)0000-0002-2349-8847</subfield>
            <subfield code="a">Castañer Martín, Rosa María</subfield>
        </datafield>
        <datafield tag="830" ind1=" " ind2=" ">
            <subfield code="9">427</subfield>
        </datafield>
        <datafield tag="856" ind1="4" ind2=" ">
            <subfield code="s">111660</subfield>
            <subfield code="u">http://zaguan.unizar.es/record/38565/files/guia.pdf</subfield>
            <subfield code="y">Guía (idioma español)</subfield>
        </datafield>
        <datafield tag="980" ind1=" " ind2=" ">
            <subfield code="a">GDOC</subfield>
            <subfield code="b">Artes y humanidades</subfield>
            <subfield code="c">103</subfield>
        </datafield>
    </record>

    
</collection>